000 00359nam a2200133Ia 4500
005 20260328104319.0
008 260328s9999||||xx |||||||||||||| ||und||
100 _aMedina, Ricardo Franco
245 0 _a20 maneras de transFormar un cubo /
_cRicardo Franco Medina
260 _bColombia
300 _a167 p.
650 _aARQUITECTURA - ELEMENTOS
942 _cBK
999 _c11270
_d11270